000 00541nam a22001937a 4500
003 KOHA_MİRAKIL
005 20251014150222.0
008 251014b tu ||||| |||| 00| 0 tur d
020 _a9789750529160
040 _aTR-AnABB
_btur
_cTR-AnABB
041 _atur
082 _a813.42
_bSEN 2020
100 1 _aŞenkon, Attila,
245 1 0 _aHer gün perşembe olsa /
_cAttila Şenkon
260 _aİstanbul :
_bİletişim Yayınları,
_c2020
300 _a87 sayfa ;
_c20 cm
650 0 4 _aTürk edebiyatı, roman
942 _2ddc
_cBK
999 _c9153
_d9153
900 _bGizem YORULMAZ